Hearing To Be Briefed on Developments in Southern Africa, with Emphasis on Namibia Negotiations.

Briefing to review developments in the southern Africa, focusing on negotiations regarding Namibia independence.

Bibliographic Details
Format: eBook
Language:English
Published: [Washington : U.S. G.P.O.], 1982.
Subjects:
Online Access:Electronic resource (PDF)

MARC

Tag First Indicator Second Indicator Subfields
LEADER 00000cam a22000001i 4500
001 in00004133049
005 20200117091028.0
006 m d f
007 cr bn mmmapmmp
008 091109s1982 dcu o f000 0 eng d
035 |a cis2007529395 
040 |a UMI  |b eng  |e rda  |c UMI  |d UtOrBLW 
043 |a f------  |a f-sx--- 
110 1 |a United States.  |b Congress.  |b Senate.  |b Committee on Foreign Relations,  |e issuing body.  |0 http://id.loc.gov/authorities/names/n78008230 
245 1 0 |a Hearing To Be Briefed on Developments in Southern Africa, with Emphasis on Namibia Negotiations. 
264 1 |a [Washington :  |b U.S. G.P.O.],  |c 1982. 
300 |a 2 pages, digital, PDF file. 
336 |a text  |2 rdacontent  |b txt 
337 |a computer  |b c  |2 rdamedia 
338 |a online resource  |2 rdacarrier  |b cr 
500 |a Record is based on bibliographic data in ProQuest Congressional Hearings Digital Collection (last viewed July 2018) Reuse except for individual research requires license from ProQuest, LLC. 
520 |a Briefing to review developments in the southern Africa, focusing on negotiations regarding Namibia independence. 
520 |a Briefing was recessed to reconvene in Executive Session. 
538 |a System requirements: PDF reader software. 
500 |a Electronic resource. 
650 0 |a Negotiation.  |0 http://id.loc.gov/authorities/subjects/sh85090650 
651 0 |a Africa.  |0 http://id.loc.gov/authorities/subjects/sh85001531 
651 0 |a Namibia.  |0 http://id.loc.gov/authorities/names/n79039884 
730 0 |a ProQuest U.S. Congressional Hearings Digital Collection. 
776 0 8 |a United States. Congress. Senate. Committee on Foreign Relations  |t Hearing To Be Briefed on Developments in Southern Africa, with Emphasis on Namibia Negotiations.  |o 97 SFo-T.168 
856 4 0 |u http://proxy.library.tamu.edu/login?url=http://congressional.proquest.com/congcomp/getdoc?HEARING-ID=HRG-1982-FOR-0107  |y Electronic resource (PDF)  |t 0 
999 f f |s e0ed135c-553a-3985-ae25-5acb75cafacc  |i b763bb3d-8e05-327e-a65b-96c19b8bf093  |t 0 
952 f f |a Texas A&M University  |b College Station  |c Electronic Resources  |d Available Online  |t 0  |h No information provided 
998 f f |t 0  |l Available Online